00480nam a2200145 a 450000100100000000500170001000800410002704000130006808200160008110000290009724501060012626000360023230000270026850400390029500000679220200929154006.0090902s1985 dr a 000 0 spa d aDO-SdBNP axxxxbH558a1 aHernández Soto, Carlos10aAsí habló el abuelo Bayamanaco :brelatos y creencias de los taínos /cCarlos Hernández Soto. aSanto Domingo :bBURHEN,c1985. a83 P. :bil. ;c22 cm. aIncluye bibliografías (p. 83-84)